|
|
|
|
| LEADER |
00806pam a22002418a 4500 |
| 001 |
00038085 |
| 005 |
20171026081023.0 |
| 008 |
170515s1992 ||||||Viesd |
| 041 |
0 |
# |
|a Vie
|
| 082 |
1 |
4 |
|a 025
|b M458S
|
| 100 |
1 |
# |
|a Đoàn, Phan Tân
|
| 245 |
1 |
0 |
|a Một số phương pháp toán học trong công tác thư viện và thông tin
|c Đoàn Phan Tân
|
| 260 |
# |
# |
|a Hà Nội
|b Đại học Văn hóa
|c 1992
|
| 300 |
# |
# |
|c 24 cm
|a 253
|
| 653 |
# |
# |
|a phương pháp toán học
|
| 653 |
# |
# |
|a thư viện
|
| 653 |
# |
# |
|a thông tin
|
| 852 |
# |
# |
|b Kho mượn
|j KM.0022907
|
| 852 |
# |
# |
|b Kho đọc
|j KD.0022099
|
| 852 |
# |
# |
|j KM.0022907
|j KD.0022099
|
| 910 |
|
|
|d 15/05/2017
|
| 980 |
# |
# |
|a Trung tâm Học liệu Lê Vũ Hùng, Trường Đại học Đồng Tháp
|